| 000 | 00781cam a22002054a 4500 | ||
|---|---|---|---|
| 005 | 20250605164129.0 | ||
| 008 | 250528s ||||||||||||||||||||||||d | ||
| 035 | _a18560 | ||
| 020 | _a879820071 | ||
| 040 |
_aGR-AtMCL _bgre _dGR-AtMCL _eAACR2 |
||
| 245 | 1 | _aA Decade of Sculpture / The 1960s | |
| 260 |
_bThe Art Alliance Press, _c1974 |
||
| 300 | _a158 | ||
| 505 | 0 | _aList of Illustrations, Preface, Acknowledgements, Introduction, Technology for the Hand, Scientific Concept for the Mind, The New Art, Illustrations. | |
| 520 | _aList of Illustrations, Preface, Acknowledgements, Introduction, Technology for the Hand, Scientific Concept for the Mind, The New Art, Illustrations. | ||
| 700 | 1 |
_aBusch Julia M _94825 |
|
| 942 | _cBK | ||
| 999 |
_c3911 _d3911 |
||